[Event "Alberta-ch U20"]
[Site "Red Deer CAN"]
[Date "2002.11.03"]
[Round "5"]
[White "Pradhan, Sarah"]
[Black "Marko, Culjaga"]
[Result "1-0"]
[WhiteElo "890"]
[BlackElo "975"]
[PlyCount "55"]
[EventDate "2002.11.02"]
[EventType "swiss"]
[EventRounds "5"]
[EventCountry "CAN"]

1. e4 c5 2. Nf3 d6 3. Bc4 e6 4. e5 d5 5. Bb5+ Bd7 6. Bxd7+ Nxd7 7. O-O Qc7 8.
Qe2 c4 9. a3 a5 10. d3 cxd3 11. cxd3 Bc5 12. Be3 Ne7 13. Rc1 b6 14. d4 O-O 15.
Nbd2 Qa7 16. dxc5 Nxc5 17. b4 axb4 18. Rab1 bxa3 19. Re1 Ne4 20. Nxe4 dxe4 21.
Bg5 f6 22. Bh4 exf3 23. Qxf3 fxe5 24. Qe2 Nc6 25. Rbc1 Nd4 26. Qxe5 Nb3 27. Rc7
Qa4 28. Qxg7# 1-0

[Event "Alberta-ch U20"]
[Site "Red Deer CAN"]
[Date "2002.11.03"]
[Round "5"]
[White "Rajchel, John"]
[Black "Sestic, Sasa"]
[Result "1-0"]
[WhiteElo "1750"]
[BlackElo "2500"]
[PlyCount "41"]
[EventDate "2002.11.02"]
[EventType "swiss"]
[EventRounds "5"]
[EventCountry "CAN"]

1. e4 e5 2. Nf3 Nf6 3. Nc3 Nc6 4. Bb5 Nb8 5. d3 c5 6. Ba4 b5 7. Bb3 d6 8. h3
Be7 9. Bg5 Ng8 10. Bxe7 Qxe7 11. O-O h5 12. Qd2 Nf6 13. Ng5 O-O 14. f4 exf4 15.
Rxf4 d5 16. Re1 dxe4 17. Ngxe4 g5 18. Nxf6+ Kh8 19. Rxe7 gxf4 20. Qxf4 Nc6 21.
Qh6# 1-0

[Event "Alekhine"]
[Site "Charlesbourg CAN"]
[Date "2002.09.16"]
[Round "3"]
[White "Laflamme, Simon"]
[Black "Caire, Francois"]
[Result "0-1"]
[WhiteElo "1794"]
[BlackElo "2115"]
[PlyCount "72"]
[EventDate "2002.09.02"]
[EventType "swiss"]
[EventRounds "5"]
[EventCountry "CAN"]

1. e4 c5 2. Nf3 Nc6 3. d4 cxd4 4. Nxd4 Nf6 5. Nc3 e6 6. Nxc6 bxc6 7. e5 Nd5 8.
Ne4 Qc7 9. f4 Qb6 10. c4 Ne3 11. Qd3 Bb4+ 12. Bd2 Ba6 13. c5 Bxd3 14. Nd6+ Kf8
15. cxb6 Bxd2+ 16. Kxd2 Bxf1 17. b7 Rb8 18. Rhxf1 Nxf1+ 19. Rxf1 Ke7 20. Rf3 f6
21. Ra3 Rhf8 22. Ke3 fxe5 23. fxe5 Kd8 24. Rxa7 Kc7 25. Ra3 Rf1 26. Ke2 Rc1 27.
Kd2 Rc5 28. Re3 Rxe5 29. Rxe5 Kxd6 30. Rg5 g6 31. Kc3 Rxb7 32. b4 Rb5 33. Rg3
c5 34. a3 cxb4+ 35. axb4 Kc6 36. Rh3 Rh5 0-1

[Event "Alekhine"]
[Site "Charlesbourg CAN"]
[Date "2002.09.23"]
[Round "4"]
[White "Caire, Francois"]
[Black "Marquis, Paul"]
[Result "1-0"]
[WhiteElo "2105"]
[BlackElo "1956"]
[PlyCount "59"]
[EventDate "2002.09.02"]
[EventType "swiss"]
[EventRounds "5"]
[EventCountry "CAN"]

1. d4 g6 2. e4 Bg7 3. c4 d6 4. Nc3 Nc6 5. Be3 e5 6. d5 Nce7 7. g4 h5 8. g5 f5
9. gxf6 Nxf6 10. Qd2 O-O 11. h3 a6 12. O-O-O Bd7 13. Bd3 b5 14. c5 Nc8 15. c6
Be8 16. Nf3 Nh7 17. Ng5 Nxg5 18. Bxg5 Bf6 19. Be3 Qe7 20. Rhg1 Kh7 21. Ne2 Rg8
22. Rg2 Qf7 23. f4 Bxc6 24. dxc6 Qxa2 25. Nc3 Qa1+ 26. Kc2 Qa5 27. Nd5 Qa4+ 28.
Kb1 Bd8 29. f5 Ne7 30. Nf6+ 1-0

[Event "Anastasia Cup"]
[Site "Edmonton CAN"]
[Date "2002.05.25"]
[Round "1.1"]
[White "Gomboc, Dave"]
[Black "Brown, Grant"]
[Result "1-0"]
[WhiteElo "1891"]
[BlackElo "2107"]
[PlyCount "69"]
[EventDate "2002.05.25"]
[EventType "tourn"]
[EventRounds "5"]
[EventCountry "CAN"]
[SourceDate "2003.08.17"]

1. e4 e6 2. d4 d5 3. Nd2 Nf6 4. e5 Nfd7 5. Bd3 c5 6. c3 Nc6 7. Ne2 Qb6 8. Nf3
cxd4 9. cxd4 Bb4+ 10. Bd2 f6 11. exf6 Nxf6 12. O-O Bxd2 13. Qxd2 Nb4 14. Rfe1
O-O 15. Ne5 Nd7 16. Nf3 e5 17. Nxe5 Nxe5 18. dxe5 Qxf2+ 19. Kh1 Nxd3 20. Qxd3
Be6 21. Nd4 Qf7 22. Rad1 Rad8 23. h3 Qd7 24. b3 Rfe8 25. Qg3 Bf7 26. Rd2 Bg6
27. Rc1 Rc8 28. Rxc8 Qxc8 29. Kh2 a6 30. e6 Qc1 31. Re2 Qd1 32. Qe5 Be4 33. Rf2
Qc1 34. e7 Qc5 35. Rf7 1-0

[Event "Anastasia Cup"]
[Site "Edmonton CAN"]
[Date "2002.05.25"]
[Round "1.2"]
[White "Clark, Alan"]
[Black "Hughey, Micah"]
[Result "1-0"]
[WhiteElo "2049"]
[BlackElo "2126"]
[PlyCount "111"]
[EventDate "2002.05.25"]
[EventType "tourn"]
[EventRounds "5"]
[EventCountry "CAN"]
[SourceDate "2003.08.17"]

1. d4 d5 2. c4 e5 3. cxd5 Qxd5 4. Nf3 e4 5. Nc3 Bb4 6. Nd2 Qxd4 7. e3 Qe5 8.
Bc4 Bxc3 9. bxc3 Nf6 10. Ba3 c5 11. O-O O-O 12. Qc2 b6 13. Bb2 Bb7 14. Rfd1
Nbd7 15. a4 Qh5 16. Nf1 Ne5 17. Be2 Qg5 18. Ng3 c4 19. Rd4 Rac8 20. Rad1 h5 21.
Ba3 Rfe8 22. Bd6 Nd3 23. Bf4 Qg6 24. Rd6 Rc5 25. h4 Rd5 26. Rxd5 Bxd5 27. Bg5
Ng4 28. Bxg4 hxg4 29. Rb1 f6 30. Bf4 Nxf4 31. exf4 Qh6 32. Qd1 Bc6 33. Qd4 Ba8
34. Qxc4+ Kh8 35. Rb5 g6 36. Qf7 Rf8 37. Qxa7 Qxf4 38. Qxb6 Qc1+ 39. Kh2 Qxc3
40. Qd6 Qc8 41. Qf4 Qe8 42. Qxg4 Bc6 43. Rc5 f5 44. Qf4 Bxa4 45. Qh6+ Kg8 46.
h5 f4 47. Ne2 f3 48. hxg6 Rf6 49. Qh7+ Kf8 50. Qh8+ Ke7 51. Re5+ Re6 52. Rxe6+
Kxe6 53. Nd4+ Kd5 54. g7 Qe5+ 55. g3 e3 56. g8=Q+ 1-0

[Event "Anastasia Cup"]
[Site "Edmonton CAN"]
[Date "2002.05.25"]
[Round "1.3"]
[White "Kazakevich, Anastasia"]
[Black "Gardner, Robert"]
[Result "0-1"]
[WhiteElo "1743"]
[BlackElo "2273"]
[PlyCount "120"]
[EventDate "2002.05.25"]
[EventType "tourn"]
[EventRounds "5"]
[EventCountry "CAN"]
[SourceDate "2003.08.17"]

1. d4 g6 2. c4 Bg7 3. Nc3 c6 4. e4 d6 5. Be3 Qc7 6. Qd2 e5 7. d5 c5 8. Bd3 h6
9. Nge2 Ne7 10. O-O f5 11. f4 Nd7 12. Qc2 O-O 13. Rae1 exf4 14. Bxf4 Ne5 15.
Ng3 Nxd3 16. Qxd3 a6 17. b3 g5 18. Bc1 f4 19. Nge2 Ng6 20. Bb2 Ne5 21. Qc2 Bd7
22. Nb1 b5 23. Bxe5 Bxe5 24. Nd2 Rae8 25. Nf3 Bg7 26. Nc3 Re7 27. Nd2 b4 28.
Nd1 Rfe8 29. Nf2 Bf5 30. Qb1 Bg6 31. Re2 Bd4 32. Kh1 Be3 33. Ng4 Bd4 34. Nf2
Bh5 35. Ree1 Bc3 36. Qd3 Qa5 37. Qc2 Qc7 38. Qd3 Re5 39. a3 a5 40. a4 Qg7 41.
Kg1 R5e7 42. Qc2 Qd4 43. Nf3 Bxf3 44. gxf3 Bxe1 45. Rxe1 Qg7 46. Kh1 Qg6 47.
Rg1 Rg7 48. Qd1 Kh7 49. Qf1 Kg8 50. Qd1 Kf7 51. Qf1 Ke7 52. Qe1 Kd8 53. Qf1 Kc7
54. Qd1 h5 55. h3 Qf6 56. Qe1 Qb2 57. Rg2 Qxb3 58. Qd1 Qxc4 59. Qd3 Qxd3 60.
Nxd3 c4 0-1

[Event "Anastasia Cup"]
[Site "Edmonton CAN"]
[Date "2002.05.25"]
[Round "2.1"]
[White "Hughey, Micah"]
[Black "Gardner, Robert"]
[Result "1-0"]
[WhiteElo "2126"]
[BlackElo "2273"]
[PlyCount "125"]
[EventDate "2002.05.25"]
[EventType "tourn"]
[EventRounds "5"]
[EventCountry "CAN"]
[SourceDate "2003.08.17"]

1. Nf3 d5 2. d4 c6 3. e3 e6 4. Nbd2 Nd7 5. Bd3 f5 6. O-O Bd6 7. c4 Ngf6 8. Rb1
O-O 9. b4 Ne4 10. Qc2 Rf6 11. c5 Bc7 12. Bb2 Rh6 13. Ne5 Nxd2 14. Qxd2 Qh4 15.
h3 g5 16. f3 Nxe5 17. dxe5 Qg3 18. Qf2 Bxe5 19. Bxe5 Qxe5 20. e4 Qg7 21. b5
fxe4 22. fxe4 Bd7 23. bxc6 Bxc6 24. Bb5 Rh4 25. Bxc6 Rf4 26. Rxb7 Qc3 27. Qb2
Rxf1+ 28. Kxf1 Rf8+ 29. Kg1 Qxc5+ 30. Kh2 Qd6+ 31. g3 d4 32. Qd2 h6 33. Ba4 Qe5
34. Qg2 h5 35. Rb5 Qf6 36. Bb3 Kh8 37. Qd2 e5 38. Qe2 g4 39. h4 d3 40. Qe3 Rc8
41. Rc5 Rxc5 42. Qxc5 Kg7 43. Qxa7+ Kg6 44. Qe3 Kh7 45. Kg1 Qd6 46. Kf2 Qf8+
47. Ke1 Qb4+ 48. Kd1 Qc3 49. Qd2 Qd4 50. Bd5 Qg1+ 51. Qe1 Qg2 52. Bb3 Qb2 53.
Qe3 Qc3 54. Qa7+ Kh6 55. Qb6+ Kh7 56. Qb7+ Kh6 57. Qb6+ Kh7 58. Qd6 Qa1+ 59.
Kd2 Qb2+ 60. Kxd3 Qb1+ 61. Kc3 Qa1+ 62. Kc4 Qc1+ 63. Kb4 1-0

[Event "Anastasia Cup"]
[Site "Edmonton CAN"]
[Date "2002.05.25"]
[Round "2.2"]
[White "Clark, Alan"]
[Black "Gomboc, Dave"]
[Result "1-0"]
[WhiteElo "2049"]
[BlackElo "1891"]
[PlyCount "117"]
[EventDate "2002.05.25"]
[EventType "tourn"]
[EventRounds "5"]
[EventCountry "CAN"]
[SourceDate "2003.08.17"]

1. e4 e6 2. d4 d5 3. Nd2 Nf6 4. e5 Nfd7 5. Bd3 c5 6. c3 Nc6 7. Ne2 cxd4 8. cxd4
Qb6 9. Nf3 f6 10. Nc3 fxe5 11. dxe5 Ndxe5 12. Nxe5 Nxe5 13. Qh5+ Nf7 14. Bb5+
Ke7 15. O-O Qd4 16. Re1 g6 17. Nxd5+ Kd6 18. Qf3 Ne5 19. Bf4 Bg7 20. Rad1 Qxb2
21. Nc3+ Ke7 22. Bxe5 Bxe5 23. Rxe5 Rd8 24. Rxd8 Kxd8 25. h3 a6 26. Qf8+ Kc7
27. Rc5+ Kb6 28. Rxc8 Rxc8 29. Qxc8 axb5 30. Qxe6+ Ka5 31. Qe3 Kb4 32. Nd5+ Kc4
33. Nb6+ Kb4 34. Qe4+ Ka3 35. Nd5 Kxa2 36. g3 Qc1+ 37. Kg2 Qc4 38. Qxc4+ bxc4
39. Kf3 Kb2 40. Ke4 c3 41. Kd4 c2 42. Nb4 Kb1 43. Nd3 b5 44. Kc3 b4+ 45. Kxb4
c1=R 46. Nxc1 Kxc1 47. Kc3 Kd1 48. Kd3 Ke1 49. Ke3 Kf1 50. f4 Kg2 51. g4 Kxh3
52. f5 Kxg4 53. f6 Kg3 54. f7 h5 55. f8=Q g5 56. Qf5 Kh4 57. Kf2 g4 58. Kg2 g3
59. Qf4# 1-0

[Event "Anastasia Cup"]
[Site "Edmonton CAN"]
[Date "2002.05.25"]
[Round "2.3"]
[White "Brown, Grant"]
[Black "Kazakevich, Anastasia"]
[Result "1/2-1/2"]
[WhiteElo "2107"]
[BlackElo "1743"]
[PlyCount "87"]
[EventDate "2002.05.25"]
[EventType "tourn"]
[EventRounds "5"]
[EventCountry "CAN"]
[SourceDate "2003.08.17"]

1. e4 c6 2. d4 d5 3. e5 Bf5 4. Ne2 e6 5. Ng3 Bg6 6. h4 h6 7. h5 Bh7 8. Bd3 Bxd3
9. Qxd3 Nd7 10. Be3 Rc8 11. f4 c5 12. c3 cxd4 13. cxd4 Bb4+ 14. Nd2 Ne7 15. f5
Bxd2+ 16. Bxd2 exf5 17. Nxf5 Nxf5 18. Qxf5 Qe7 19. O-O O-O 20. g4 Qe6 21. Rac1
Nb6 22. Bb4 Rxc1 23. Rxc1 Rc8 24. Rxc8+ Qxc8 25. Bc5 Qxf5 26. gxf5 Nc4 27. b3
Ne3 28. Kf2 Nxf5 29. Bxa7 Kf8 30. Bc5+ Ke8 31. Kf3 g5 32. hxg6 fxg6 33. a4 Ng7
34. b4 Ne6 35. a5 Kd7 36. b5 Kc7 37. Ke3 h5 38. Kf3 Kc8 39. Ke3 Kc7 40. Bd6+
Kd7 41. Kd3 Nf4+ 42. Kd2 Ne6 43. Ke3 Nd8 44. Kd3 1/2-1/2

[Event "Anastasia Cup"]
[Site "Edmonton CAN"]
[Date "2002.05.25"]
[Round "3.1"]
[White "Kazakevich, Anastasia"]
[Black "Clark, Alan"]
[Result "1/2-1/2"]
[WhiteElo "1743"]
[BlackElo "2049"]
[PlyCount "61"]
[EventDate "2002.05.25"]
[EventType "tourn"]
[EventRounds "5"]
[EventCountry "CAN"]
[SourceDate "2003.08.17"]

1. d4 Nf6 2. c4 c5 3. d5 b5 4. cxb5 a6 5. b6 d6 6. Nc3 g6 7. e4 Bg7 8. Nf3 Nbd7
9. Be2 O-O 10. O-O Nxb6 11. Be3 Rb8 12. Qd2 Nbd7 13. b3 Qa5 14. Rfc1 Re8 15.
Bh6 Nxe4 16. Nxe4 Qxd2 17. Bxd2 Bxa1 18. Rxa1 Nb6 19. Nc3 e6 20. dxe6 fxe6 21.
Rd1 Bb7 22. Bc1 Rbd8 23. Ba3 Nd5 24. Nxd5 Bxd5 25. Nd2 Kf7 26. Nc4 Ke7 27. Nb6
Bb7 28. Nc4 Bd5 29. Nb6 Bb7 30. Nc4 Bd5 31. Na5 1/2-1/2

[Event "Anastasia Cup"]
[Site "Edmonton CAN"]
[Date "2002.05.25"]
[Round "3.2"]
[White "Gomboc, Dave"]
[Black "Hughey, Micah"]
[Result "1/2-1/2"]
[WhiteElo "1891"]
[BlackElo "2126"]
[PlyCount "37"]
[EventDate "2002.05.25"]
[EventType "tourn"]
[EventRounds "5"]
[EventCountry "CAN"]
[SourceDate "2003.08.17"]

1. d4 d5 2. c4 e6 3. Nc3 c5 4. cxd5 exd5 5. Nf3 Nc6 6. g3 Nf6 7. Bg2 Be7 8. O-O
O-O 9. Bg5 c4 10. Ne5 Be6 11. Qd2 Rc8 12. Rad1 a6 13. a4 h6 14. Bxf6 Bxf6 15.
f4 Ne7 16. h3 h5 17. Kh2 g6 18. Bf3 Kg7 19. Rh1 1/2-1/2

[Event "Anastasia Cup"]
[Site "Edmonton CAN"]
[Date "2002.05.25"]
[Round "3.3"]
[White "Gardner, Robert"]
[Black "Brown, Grant"]
[Result "0-1"]
[WhiteElo "2273"]
[BlackElo "2107"]
[PlyCount "132"]
[EventDate "2002.05.25"]
[EventType "tourn"]
[EventRounds "5"]
[EventCountry "CAN"]
[SourceDate "2003.08.17"]

1. e4 e6 2. d4 d5 3. e5 c5 4. c3 Bd7 5. f4 Qb6 6. Nf3 Bb5 7. Bxb5+ Qxb5 8. Na3
Qa6 9. Nc2 Nc6 10. Bd2 Nh6 11. h3 Be7 12. Kf2 Nf5 13. g4 Nh4 14. Nxh4 Bxh4+ 15.
Kg2 Qd3 16. Be3 Qxd1 17. Rhxd1 cxd4 18. Bxd4 Be7 19. Rf1 b6 20. Be3 h5 21. Rh1
Bc5 22. Rad1 Ke7 23. Nd4 Rac8 24. Nxc6+ Rxc6 25. Kf3 Bxe3 26. Kxe3 Rc4 27. g5
Re4+ 28. Kf3 Rc8 29. Rhf1 Rcc4 30. Kg3 Re2 31. Rb1 Rce4 32. Rf3 Rc2 33. a3 Ree2
34. b3 Rg2+ 35. Kh4 g6 36. Rd1 Rcd2 37. Rc1 Rc2 38. Rd1 Rgd2 39. Re1 Ra2 40. a4
Rab2 41. b4 d4 42. Re4 a6 43. b5 axb5 44. axb5 Rxb5 45. Rxd4 Rxd4 46. cxd4 Kd7
47. Kg3 Rd5 48. Rd3 b5 49. Kf3 b4 50. Ke3 Kc6 51. Rd1 Rb5 52. Kd2 b3 53. Kc1
b2+ 54. Kb1 Kd5 55. Rd2 Rb7 56. Re2 Kxd4 57. Rc2 Ke4 58. Rc4+ Kf3 59. f5 exf5
60. Rc6 Kf4 61. e6 fxe6 62. h4 Ke5 63. Rc8 f4 64. Rf8 Ke4 65. Rf6 e5 66. Rxg6
f3 0-1

[Event "Anastasia Cup"]
[Site "Edmonton CAN"]
[Date "2002.05.26"]
[Round "4.2"]
[White "Clark, Alan"]
[Black "Gardner, Robert"]
[Result "0-1"]
[WhiteElo "2049"]
[BlackElo "2273"]
[PlyCount "72"]
[EventDate "2002.05.25"]
[EventType "tourn"]
[EventRounds "5"]
[EventCountry "CAN"]
[SourceDate "2003.08.17"]

1. e4 c5 2. c3 d5 3. exd5 Qxd5 4. d4 cxd4 5. cxd4 Nc6 6. Nf3 Bg4 7. Be2 e6 8.
O-O Nf6 9. Nc3 Qd7 10. h3 Bh5 11. Be3 Bb4 12. a3 Ba5 13. Qb3 O-O 14. Rad1 Rfd8
15. Qb5 Nd5 16. Ne4 a6 17. Qb3 Nxe3 18. fxe3 Qd5 19. Qxd5 Rxd5 20. Nc5 Rb8 21.
Nd3 g5 22. g4 Bg6 23. Nde5 Nxe5 24. Nxe5 Bc2 25. Rc1 Be4 26. b4 Bb6 27. Nf3 h6
28. Bc4 Rd6 29. Kf2 Kg7 30. Ke2 f6 31. Ne1 Rbd8 32. Bd3 Bc6 33. Rf2 e5 34. dxe5
fxe5 35. Rc2 Rxd3 36. Nxd3 Bb5 0-1

[Event "Anastasia Cup"]
[Site "Edmonton CAN"]
[Date "2002.05.26"]
[Round "4.3"]
[White "Gomboc, Dave"]
[Black "Kazakevich, Anastasia"]
[Result "1/2-1/2"]
[WhiteElo "1891"]
[BlackElo "1743"]
[PlyCount "82"]
[EventDate "2002.05.25"]
[EventType "tourn"]
[EventRounds "5"]
[EventCountry "CAN"]
[SourceDate "2003.08.17"]

1. e4 c6 2. d4 d5 3. exd5 Qxd5 4. Nc3 Qa5 5. Bc4 Nf6 6. Bd2 Qb6 7. Nf3 Bg4 8.
d5 cxd5 9. Nxd5 Nxd5 10. Bxd5 e6 11. h3 Bxf3 12. Bxf3 Bc5 13. O-O O-O 14. b4
Bd4 15. c3 Bf6 16. Be3 Qc7 17. Rc1 Rd8 18. Qb3 Nc6 19. c4 Nd4 20. Bxd4 Rxd4 21.
Rfd1 Rad8 22. Rxd4 Rxd4 23. g3 b6 24. Kg2 Qd8 25. Rc2 Rd3 26. Qa4 Qd7 27. Qxd7
Rxd7 28. c5 bxc5 29. Rxc5 Kf8 30. Rc2 Ke7 31. b5 Bd4 32. Bc6 Rd8 33. Kf3 Bb6
34. Ke2 Rd6 35. f3 h6 36. h4 e5 37. g4 f6 38. h5 Rd4 39. Rd2 Kd6 40. Rxd4+ exd4
41. Kd3 Ke5 1/2-1/2

[Event "Anastasia Cup"]
[Site "Edmonton CAN"]
[Date "2002.05.26"]
[Round "5.1"]
[White "Gardner, Robert"]
[Black "Gomboc, Dave"]
[Result "1-0"]
[WhiteElo "2273"]
[BlackElo "1891"]
[PlyCount "69"]
[EventDate "2002.05.25"]
[EventType "tourn"]
[EventRounds "5"]
[EventCountry "CAN"]
[SourceDate "2003.08.17"]

1. e4 c5 2. Nf3 d6 3. d4 cxd4 4. Nxd4 Nf6 5. Nc3 g6 6. Be3 Bg7 7. f3 Nc6 8. Qd2
O-O 9. O-O-O Bd7 10. Kb1 Rc8 11. g4 Ne5 12. h4 Qa5 13. Nd5 Qxd2 14. Nxe7+ Kh8
15. Rxd2 Rce8 16. g5 Nxf3 17. Nxf3 Nxe4 18. Nd5 Nxd2+ 19. Bxd2 Bg4 20. Nh2 Be2
21. Bg2 Bc4 22. Nc3 f5 23. gxf6 Rxf6 24. Ng4 Rfe6 25. b3 Be2 26. Nh6 Bd4 27.
Bd5 R6e7 28. Nf7+ Kg7 29. Bh6+ Kf6 30. Bg5+ Kg7 31. Bxe7 Bxc3 32. Bxd6 b5 33.
Bf4 a5 34. Bh6+ Kf6 35. Nd6 1-0

[Event "Anastasia Cup"]
[Site "Edmonton CAN"]
[Date "2002.05.26"]
[Round "5.2"]
[White "Brown, Grant"]
[Black "Clark, Alan"]
[Result "1-0"]
[WhiteElo "2107"]
[BlackElo "2049"]
[PlyCount "73"]
[EventDate "2002.05.25"]
[EventType "tourn"]
[EventRounds "5"]
[EventCountry "CAN"]
[SourceDate "2003.08.17"]

1. d4 Nf6 2. Nf3 g6 3. g3 Bg7 4. Bg2 O-O 5. O-O d5 6. Nbd2 c5 7. dxc5 Nc6 8. c4
d4 9. Nb3 e5 10. e3 Be6 11. exd4 Bxc4 12. Re1 Bxb3 13. Qxb3 Nxd4 14. Nxd4 exd4
15. Bxb7 Qa5 16. Bf4 Rfe8 17. Kf1 Qxc5 18. Bxa8 Rxa8 19. Rac1 Qh5 20. Kg2 Nd5
21. Qf3 Qxf3+ 22. Kxf3 d3 23. Bd2 Bxb2 24. Rc5 Rd8 25. Bh6 Nf6 26. Rd1 Nd7 27.
Rc7 Ne5+ 28. Kg2 Bd4 29. Bg5 Rb8 30. Bf6 a5 31. f4 Nf3 32. Bxd4 Nxd4 33. Rxd3
Rb2+ 34. Kh3 Rb4 35. Rd7 Ne6 36. Ra7 Nc5 37. Rd5 1-0

[Event "Anastasia Cup"]
[Site "Edmonton CAN"]
[Date "2002.05.26"]
[Round "5.3"]
[White "Kazakevich, Anastasia"]
[Black "Hughey, Micah"]
[Result "1/2-1/2"]
[WhiteElo "1743"]
[BlackElo "2126"]
[PlyCount "24"]
[EventDate "2002.05.25"]
[EventType "tourn"]
[EventRounds "5"]
[EventCountry "CAN"]
[SourceDate "2003.08.17"]

1. d4 d5 2. c4 e6 3. Nc3 c5 4. cxd5 exd5 5. dxc5 d4 6. Na4 b5 7. cxb6 axb6 8.
b3 Nc6 9. Nb2 Bf5 10. Nd3 Nf6 11. Nf3 Be7 12. g3 Nd5 1/2-1/2

[Event "Anderson mem."]
[Site "Toronto CAN"]
[Date "2002.09.23"]
[Round "1"]
[White "Benson, Chris"]
[Black "Chuprys, Viktar"]
[Result "1-0"]
[WhiteElo "2054"]
[BlackElo "1878"]
[PlyCount "61"]
[EventDate "2002.09.23"]
[EventType "tourn"]
[EventRounds "9"]
[EventCountry "CAN"]

1. e4 c5 2. c3 Nc6 3. d4 cxd4 4. cxd4 d6 5. Nf3 Nf6 6. Nc3 g6 7. d5 Ne5 8. Nxe5
dxe5 9. Bc4 Bg7 10. Qb3 O-O 11. O-O Ne8 12. Bg5 Nd6 13. Bd3 f5 14. Nb5 f4 15.
Nxd6 Qxd6 16. f3 Bf6 17. Bxf6 Rxf6 18. Rf2 g5 19. h3 h5 20. Be2 Kg7 21. Rc1 g4
22. fxg4 hxg4 23. Bxg4 Bxg4 24. hxg4 Qd7 25. Qc3 Qxg4 26. Qxe5 Rh8 27. Qxe7+
Rf7 28. Qe5+ Rf6 29. Rf3 Rh5 30. Rc7+ Kg6 31. Qe8+ 1-0

[Event "Anderson mem."]
[Site "Toronto CAN"]
[Date "2002.09.23"]
[Round "1"]
[White "Manalo, Pepin"]
[Black "Shah, Omar"]
[Result "0-1"]
[WhiteElo "1869"]
[BlackElo "1989"]
[PlyCount "52"]
[EventDate "2002.09.23"]
[EventType "tourn"]
[EventRounds "9"]
[EventCountry "CAN"]

1. e4 c5 2. f4 e6 3. Nf3 d5 4. e5 Nc6 5. Bb5 Nge7 6. O-O a6 7. Bxc6+ Nxc6 8.
Nc3 b5 9. Ne2 d4 10. d3 Bb7 11. Ng3 Ne7 12. Ng5 Qd5 13. Rf2 Nf5 14. Nxf5 exf5
15. e6 fxe6 16. Re2 Bd6 17. Nxe6 Kd7 18. c4 dxc3 19. bxc3 Rae8 20. Nxg7 Reg8
21. c4 Qd4+ 22. Be3 Qxg7 23. g3 Bf3 24. Rb1 Re8 25. cxb5 Rxe3 26. bxa6 Qd4 0-1

[Event "Anderson mem."]
[Site "Toronto CAN"]
[Date "2002.09.23"]
[Round "1"]
[White "Sherman, Robert"]
[Black "Blakely, Matt"]
[Result "0-1"]
[WhiteElo "1922"]
[BlackElo "2002"]
[PlyCount "86"]
[EventDate "2002.09.23"]
[EventType "tourn"]
[EventRounds "9"]
[EventCountry "CAN"]

1. e4 c5 2. Nf3 d6 3. d4 cxd4 4. Nxd4 Nf6 5. Nc3 a6 6. Bg5 e6 7. f4 Qb6 8. Nb3
Nbd7 9. Qf3 Qc7 10. O-O-O b5 11. Bd3 Be7 12. Rhe1 Bb7 13. Qg3 b4 14. Nb1 h6 15.
Qh4 Rg8 16. Bxf6 Bxf6 17. Qh5 d5 18. e5 g6 19. Qh3 Be7 20. Qxh6 a5 21. Nd4
O-O-O 22. Qh3 Rh8 23. Qg4 Rxh2 24. Rh1 Rdh8 25. Rxh2 Rxh2 26. Qg3 Rh8 27. Nd2
Qb6 28. N2f3 Nc5 29. Kb1 Ne4 30. Bxe4 dxe4 31. Ng5 Qxd4 32. Qg4 Rh4 33. Qe2 Qb6
34. g3 Bxg5 35. gxh4 Bxh4 36. Qd2 Bd5 37. c4 e3 38. Qc2 Bf3 39. Rd6 Qxd6 40.
exd6 e2 41. d7+ Kd8 42. a3 e1=Q+ 43. Ka2 Bd1 0-1

[Event "Anderson mem."]
[Site "Toronto CAN"]
[Date "2002.09.23"]
[Round "1"]
[White "Takov, Chris"]
[Black "Lucki, Arnie"]
[Result "0-1"]
[WhiteElo "1863"]
[BlackElo "1916"]
[PlyCount "64"]
[EventDate "2002.09.23"]
[EventType "tourn"]
[EventRounds "9"]
[EventCountry "CAN"]

1. d4 Nf6 2. c4 c5 3. d5 b5 4. cxb5 a6 5. bxa6 Bxa6 6. Nc3 g6 7. g3 Bg7 8. Bg2
d6 9. e4 O-O 10. Nge2 Nbd7 11. O-O Ng4 12. h3 Nge5 13. f4 Nd3 14. Rf3 c4 15. b3
cxb3 16. axb3 Nxc1 17. Qxc1 Qb6+ 18. Kh2 Qxb3 19. Rb1 Qc4 20. Bf1 Rfc8 21. Ng1
Qd4 22. Bxa6 Rxa6 23. Nge2 Qc4 24. Qe3 Ra3 25. Rc1 Qa6 26. e5 dxe5 27. fxe5
Nxe5 28. Rf4 Nd3 29. Qxe7 Nxf4 30. gxf4 Bxc3 31. d6 Ra2 32. d7 Rxe2+ 0-1

[Event "Anderson mem."]
[Site "Toronto CAN"]
[Date "2002.09.23"]
[Round "1"]
[White "Veltmann, Martin"]
[Black "Siddeley, Hugh"]
[Result "1/2-1/2"]
[WhiteElo "2083"]
[BlackElo "2027"]
[PlyCount "145"]
[EventDate "2002.09.23"]
[EventType "tourn"]
[EventRounds "9"]
[EventCountry "CAN"]

1. c4 Nc6 2. Nc3 e5 3. Nf3 Nf6 4. g3 Bb4 5. Bg2 O-O 6. O-O Re8 7. Nd5 Nxd5 8.
cxd5 Nd4 9. a3 Bc5 10. b4 Nxf3+ 11. Bxf3 Bd4 12. Rb1 e4 13. Bg2 d6 14. e3 Bb6
15. d3 exd3 16. Qxd3 a5 17. b5 Qf6 18. Bb2 Qg6 19. e4 f5 20. Rbe1 Bd7 21. a4
Re7 22. e5 dxe5 23. Ba3 e4 24. Qb3 Ree8 25. Kh1 Bd4 26. Qc4 Be5 27. f4 Bd6 28.
Bb2 Kh8 29. Rc1 Rec8 30. Rfd1 h5 31. Be5 b6 32. Bh3 Kh7 33. Rc2 Bc5 34. Bd4 Bd6
35. Qe2 Qf7 36. Be5 Bc5 37. Rdc1 g6 38. Qc4 Qe7 39. Bf1 Be8 40. Qc3 Bf7 41. Bc4
Rd8 42. Bf6 Qd6 43. Bxd8 Rxd8 44. Rd1 Rd7 45. Bb3 Bg8 46. Qe5 Bf7 47. Kg2 Re7
48. Qb2 Rd7 49. Qc1 Qf6 50. Kh3 Qd8 51. Rxc5 bxc5 52. Qxc5 Qf6 53. Qd4 Qd6 54.
Qc3 Qb6 55. Qd4 Qxd4 56. Rxd4 Kg7 57. Kg2 Kf6 58. Kf2 Ke7 59. Ke3 Rd6 60. Rd1
Kd8 61. Kd4 Be8 62. Bc4 Kc8 63. h3 Bd7 64. Ke5 Kb7 65. Be2 Kb6 66. Rc1 Kb7 67.
g4 hxg4 68. hxg4 fxg4 69. Kxe4 Bf5+ 70. Kd4 Rd8 71. Rc3 Re8 72. Bd3 Re1 73. Bc4
1/2-1/2

[Event "Anderson mem."]
[Site "Toronto CAN"]
[Date "2002.10.09"]
[Round "2"]
[White "Blakely, Matt"]
[Black "Veltmann, Martin"]
[Result "1/2-1/2"]
[WhiteElo "2002"]
[BlackElo "2083"]
[PlyCount "62"]
[EventDate "2002.09.23"]
[EventType "tourn"]
[EventRounds "9"]
[EventCountry "CAN"]

1. d4 Nf6 2. c4 g6 3. Nf3 Bg7 4. g3 d6 5. Bg2 O-O 6. O-O c5 7. d5 e6 8. Nc3
exd5 9. cxd5 a6 10. a4 Re8 11. Nd2 Nbd7 12. f4 Ng4 13. Nde4 Ndf6 14. h3 Nxe4
15. Nxe4 Bd4+ 16. Kh1 Rxe4 17. Bxe4 Nf2+ 18. Rxf2 Bxf2 19. Kg2 Bd4 20. Qb3 Rb8
21. Bd2 b5 22. Bc3 Qf6 23. axb5 h5 24. Bxd4 Qxd4 25. Qa4 Qxb2 26. Bd3 axb5 27.
Qa7 Rb7 28. Qa8 Rc7 29. Qb8 Qxa1 30. Qxc7 Qa6 31. f5 Bxf5 1/2-1/2

[Event "Anderson mem."]
[Site "Toronto CAN"]
[Date "2002.09.30"]
[Round "2"]
[White "Chuprys, Viktar"]
[Black "Takov, Chris"]
[Result "1-0"]
[WhiteElo "1878"]
[BlackElo "1863"]
[PlyCount "83"]
[EventDate "2002.09.23"]
[EventType "tourn"]
[EventRounds "9"]
[EventCountry "CAN"]

1. e4 g6 2. d4 a6 3. c4 d6 4. Nc3 Bg7 5. Be3 Nf6 6. f3 O-O 7. Bd3 e5 8. d5 Nh5
9. Nge2 f5 10. b4 f4 11. Bf2 g5 12. c5 Rf7 13. cxd6 cxd6 14. a4 Nd7 15. a5 Nf8
16. Na4 g4 17. Rc1 gxf3 18. gxf3 Bh3 19. Rg1 Ng6 20. Nb6 Nh4 21. Nc3 Rb8 22.
Bf1 Bxf1 23. Kxf1 Rc7 24. Rg4 Ng6 25. Kg1 Nf6 26. Rg2 Qe8 27. Kh1 Kh8 28. Nca4
Rf7 29. Qc2 Nd7 30. Nc8 Bf8 31. Qc7 Ra8 32. Nxd6 Bxd6 33. Qxd6 Rd8 34. Nc5 Rc8
35. Qe6 Qf8 36. Rcg1 Nf6 37. Qh3 Kg8 38. Rxg6+ hxg6 39. Rxg6+ Rg7 40. Rxg7+
Qxg7 41. Qxc8+ Kh7 42. Qxb7 1-0